[Event "BL 2324 (Women)"]
[Site "Germany"]
[Date "2023.10.15"]
[Round "2.1"]
[White "Rath, Alina"]
[Black "Gaponenko, Inna"]
[Result "0-1"]
[WhiteElo "2030"]
[BlackElo "2332"]
[PlyCount "84"]
[EventDate "2023.10.14"]
[EventType "team-tourn"]
[EventRounds "11"]
[EventCountry "GER"]
[SourceTitle "CB48_2023"]
[SourceDate "2023.11.29"]
[SourceVersion "1"]
[SourceVersionDate "2023.11.29"]
[SourceQuality "1"]
[WhiteTeam "Kiel Doppelbauer (W)"]
[BlackTeam "Solingen (W)"]
[WhiteTeamCountry "GER"]
[BlackTeamCountry "GER"]

1. c4 e5 2. g3 Nc6 3. Bg2 f5 4. Nc3 Nf6 5. d3 Bb4 6. Bd2 0-0 7. e3 Bxc3 8. Bxc3 d5 9. cxd5 Nxd5 10. Nf3 Nxc3 11. bxc3 Be6 12. 0-0 Rb8 13. a4 b6 14. Qc2 Qf6 15. Rab1 Rbd8 16. c4 a5 17. Rbd1 f4 18. c5 Bd5 19. cxb6 cxb6 20. Qb2 Bxf3 21. Bxf3 Nb4 22. Qc3 Kh8 23. exf4 exf4 24. d4 Rd6 25. Kg2 Nc6 26. Bxc6 Rxc6 27. Qf3 Rc4 28. d5 Qd6 29. Qh5 Rxa4 30. Rd3 Re4 31. Rfd1 Re5 32. Qg4 Ref5 33. f3 a4 34. Qh4 b5 35. g4 Re5 36. Qf2 b4 37. R1d2 a3 38. Qd4 h5 39. h3 Rfe8 40. Rf2 Re2 41. Rd2 Rxf2+ 42. Qxf2 b3 0-1

[Event "EU-Cup (Women) 27th"]
[Site "Durres"]
[Date "2023.10.04"]
[Round "4.2"]
[White "Gaponenko, Inna"]
[Black "Lahav, Michal"]
[Result "1-0"]
[WhiteElo "2332"]
[BlackElo "2212"]
[PlyCount "97"]
[EventDate "2023.10.01"]
[EventType "team-swiss"]
[EventRounds "7"]
[EventCountry "ALB"]
[SourceTitle "EXT 2024"]
[Source "ChessBase"]
[SourceDate "2023.10.10"]
[SourceVersion "1"]
[SourceVersionDate "2023.10.10"]
[SourceQuality "1"]
[WhiteTeam "Asnieres (W)"]
[BlackTeam "Rishon Le Zion (W)"]
[WhiteTeamCountry "FRA"]
[BlackTeamCountry "ISR"]

1. e4 e6 2. d4 d5 3. exd5 exd5 4. Nf3 Nf6 5. Bd3 c5 6. 0-0 c4 7. Re1+ Be7 8. Bf1 0-0 9. b3 cxb3 10. axb3 Nc6 11. Ne5 Ne4 12. Nxc6 bxc6 13. f3 Ng5 14. Nc3 Bb4 15. Bd2 Bd6 16. Ne2 Qf6 17. Qc1 Ne6 18. c3 a5 19. b4 Bc7 20. bxa5 h5 21. Kh1 Ba6 22. Ng1 Bxf1 23. Rxf1 Rxa5 24. Rxa5 Bxa5 25. Nh3 Rb8 26. Qc2 Bc7 27. Rb1 Ra8 28. Kg1 g6 29. Be3 c5 30. Bf2 g5 31. Kh1 g4 32. Ng1 cxd4 33. cxd4 Kg7 34. Rb7 Bd6 35. Qc6 Ng5 36. Qxd5 Ra1 37. Rb6 Qf4 38. Qxd6 Nh3 39. Be3 gxf3 40. Qxf4 Nxf4 41. gxf3 Nd5 42. Bh6+ Kh7 43. Rd6 Ne7 44. Bf4 Ng6 45. Bg5 Nf8 46. d5 Rd1 47. h4 Ne6 48. dxe6 Rxd6 49. exf7 1-0

[Event "EU-Cup (Women) 27th"]
[Site "Durres"]
[Date "2023.10.02"]
[Round "2.2"]
[White "Gaponenko, Inna"]
[Black "Salimova, Nurgyul"]
[Result "1/2-1/2"]
[WhiteElo "2332"]
[BlackElo "2424"]
[PlyCount "99"]
[EventDate "2023.10.01"]
[EventType "team-swiss"]
[EventRounds "7"]
[EventCountry "ALB"]
[SourceTitle "EXT 2024"]
[Source "ChessBase"]
[SourceDate "2023.10.10"]
[SourceVersion "1"]
[SourceVersionDate "2023.10.10"]
[SourceQuality "1"]
[WhiteTeam "Asnieres (W)"]
[BlackTeam "Ajka Garuda (W)"]
[WhiteTeamCountry "FRA"]
[BlackTeamCountry "HUN"]

1. e4 c6 2. d4 d5 3. exd5 cxd5 4. c4 Nf6 5. Nc3 Nc6 6. Nf3 Bg4 7. cxd5 Nxd5 8. Qb3 Bxf3 9. gxf3 Nb6 10. d5 Nd4 11. Bb5+ Nd7 12. Qa4 Nxb5 13. Qxb5 g6 14. 0-0 Bg7 15. Re1 0-0 16. Bg5 Bxc3 17. bxc3 f6 18. Bf4 b6 19. Qe2 Rf7 20. Rad1 Rc8 21. c4 Nc5 22. Bc1 Qd6 23. Rd4 Re8 24. Qd1 Rd8 25. Qe2 Rg7 26. Bb2 g5 27. Qe3 Kf8 28. Ba3 Qc7 29. Bxc5 Qxc5 30. Re4 Qxe3 31. R1xe3 Rd7 32. Re6 Kf7 33. Rc6 Rg8 34. a4 Rgd8 35. Ree6 Rb8 36. Kg2 Rbb7 37. f4 gxf4 38. Kf3 Rd8 39. Re4 Rbd7 40. Rxf4 Rd6 41. Rxd6 Rxd6 42. Rh4 Kg6 43. Rg4+ Kf7 44. Rh4 Kg6 45. Ke4 h5 46. Rh3 Rd8 47. Rg3+ Kf7 48. Rh3 Kg6 49. Rg3+ Kf7 50. Rh3 1/2-1/2

[Event "WchT (Women) Pool-A"]
[Site "Bydgoszcz"]
[Date "2023.09.08"]
[Round "5.1"]
[White "Savina, Anastasia"]
[Black "Gaponenko, Inna"]
[Result "1-0"]
[WhiteElo "2339"]
[BlackElo "2332"]
[PlyCount "119"]
[EventDate "2023.09.06"]
[EventType "team (rapid)"]
[EventRounds "5"]
[EventCountry "POL"]
[SourceTitle "EXT 2024"]
[Source "ChessBase"]
[SourceDate "2023.10.10"]
[SourceVersion "1"]
[SourceVersionDate "2023.10.10"]
[SourceQuality "1"]
[WhiteTeam "France (W)"]
[BlackTeam "Ukraine (W)"]
[WhiteTeamCountry "FRA"]
[BlackTeamCountry "UKR"]

1. d4 d5 2. c4 dxc4 3. Nf3 Nf6 4. e3 e6 5. Bxc4 c5 6. 0-0 Nc6 7. Nc3 a6 8. dxc5 Qxd1 9. Rxd1 Bxc5 10. Be2 0-0 11. b3 b5 12. Bb2 Bb7 13. Rac1 Be7 14. Ne1 Rfd8 15. f3 Rxd1 16. Nxd1 Rc8 17. Kf2 Nd7 18. Nd3 Nb4 19. Rxc8+ Bxc8 20. Nxb4 Bxb4 21. Bc3 Bxc3 22. Nxc3 Kf8 23. e4 Ke7 24. Ke3 Kd6 25. Nd1 e5 26. Nb2 Nc5 27. b4 Ne6 28. Bd1 Nd4 29. Nd3 Be6 30. Nxe5 Kxe5 31. f4+ Kd6 32. Kxd4 Bxa2 33. e5+ Kc7 34. Kc5 f6 35. Bf3 fxe5 36. fxe5 Be6 37. Be4 h6 38. Bg6 Kd7 39. Kb6 Bc4 40. Bf5+ Ke7 41. Kxa6 Bf1 42. g3 g6 43. Bc8 Kd8 44. Bb7 Kc7 45. Bd5 g5 46. Bf7 Kc6 47. Be8+ Kd5 48. Bxb5 Bh3 49. Kb6 Kxe5 50. Bc6 Kd4 51. Kc7 Bf1 52. b5 Bxb5 53. Bxb5 h5 54. Kd6 h4 55. Bc6 Ke3 56. Ke5 Kf2 57. g4 h3 58. Kf5 Kg1 59. Kxg5 Kxh2 60. Kf4 1-0

[Event "World-chT Rapid"]
[Site "Dusseldorf"]
[Date "2023.08.28"]
[Round "9"]
[White "Gaponenko, Inna"]
[Black "Kracht, Raphael"]
[Result "1-0"]
[WhiteElo "2336"]
[BlackElo "2158"]
[PlyCount "57"]
[EventDate "2023.08.26"]
[EventType "team-swiss (rapid)"]
[EventRounds "12"]
[EventCountry "GER"]
[SourceTitle "CBM 215 Extra"]
[Source "ChessBase"]
[SourceDate "2023.09.30"]
[SourceVersion "1"]
[SourceVersionDate "2023.09.30"]
[SourceQuality "1"]
[WhiteTeam "Ukraine Amators"]
[BlackTeam "Wensing & Poebel"]
[WhiteTeamCountry "UKR"]
[BlackTeamCountry "GER"]

1. e4 e5 2. Nf3 Nc6 3. d4 exd4 4. Bc4 Nf6 5. e5 d5 6. Bb5 Nd7 7. 0-0 Be7 8. Bxc6 bxc6 9. Nxd4 Nb8 10. Nc3 c5 11. Ndb5 c6 12. Nd6+ Bxd6 13. exd6 Qxd6 14. Re1+ Be6 15. Ne4 Qe7 16. Bg5 f6 17. Nxc5 Qxc5 18. Rxe6+ Kf7 19. Rxf6+ gxf6 20. Qh5+ Kg8 21. Bxf6 Qf8 22. Bc3 Qf7 23. Qg5+ Qg6 24. Qd8+ Kf7 25. Qxh8 d4 26. Bxd4 c5 27. Bc3 Qe4 28. Qf6+ Ke8 29. Re1 1-0

[Event "World-chT Rapid"]
[Site "Dusseldorf"]
[Date "2023.08.27"]
[Round "7.7"]
[White "Gaponenko, Inna"]
[Black "Teclaf, Pawel"]
[Result "0-1"]
[WhiteElo "2336"]
[BlackElo "2586"]
[PlyCount "50"]
[EventDate "2023.08.26"]
[EventType "team-swiss (rapid)"]
[EventRounds "12"]
[EventCountry "GER"]
[SourceTitle "CBM 215 Extra"]
[Source "ChessBase"]
[SourceDate "2023.09.30"]
[SourceVersion "1"]
[SourceVersionDate "2023.09.30"]
[SourceQuality "1"]
[WhiteTeam "Ukraine Amators"]
[BlackTeam "Krakow Columbus Energy"]
[WhiteTeamCountry "UKR"]
[BlackTeamCountry "POL"]

1. e4 d6 2. d4 Nf6 3. Nc3 c6 4. f4 Qb6 5. e5 Nd5 6. Nxd5 cxd5 7. c3 Bf5 8. Bd3 g6 9. Bxf5 gxf5 10. Qh5 e6 11. Nf3 Be7 12. exd6 Qxd6 13. Ne5 Rf8 14. g4 fxg4 15. f5 Nd7 16. Bf4 Nf6 17. Qh6 exf5 18. 0-0 Qe6 19. Rae1 Ne4 20. Qxh7 Bf6 21. Qh5 Rh8 22. Bh6 Bxe5 23. dxe5 Rxh6 24. Qxf5 Qb6+ 25. Kg2 Qxb2+ 0-1

[Event "World-chT Rapid"]
[Site "Dusseldorf"]
[Date "2023.08.27"]
[Round "6.7"]
[White "Levin, Felix"]
[Black "Gaponenko, Inna"]
[Result "1/2-1/2"]
[WhiteElo "2459"]
[BlackElo "2336"]
[PlyCount "73"]
[EventDate "2023.08.26"]
[EventType "team-swiss (rapid)"]
[EventRounds "12"]
[EventCountry "GER"]
[SourceTitle "CBM 215 Extra"]
[Source "ChessBase"]
[SourceDate "2023.09.30"]
[SourceVersion "1"]
[SourceVersionDate "2023.09.30"]
[SourceQuality "1"]
[WhiteTeam "Duesseldorf"]
[BlackTeam "Ukraine Amators"]
[WhiteTeamCountry "GER"]
[BlackTeamCountry "UKR"]

1. d4 d5 2. Bf4 c5 3. e3 Nc6 4. c3 Qb6 5. Qb3 c4 6. Qc2 Bf5 7. Qxf5 Qxb2 8. Qxd5 Qxa1 9. Qb5 0-0-0 10. Bxc4 e5 11. Ne2 exf4 12. 0-0 Nf6 13. Nd2 Qxf1+ 14. Nxf1 fxe3 15. Nxe3 Rd7 16. Qa4 g6 17. Bb5 Rc7 18. d5 Nb8 19. Qxa7 Bc5 20. Qa4 Rd8 21. c4 Re7 22. Qd1 Ne4 23. Nd4 Nd7 24. g3 Nc3 25. Bxd7+ Rdxd7 26. Qd3 Bxd4 27. Nc2 Bg7 28. d6 Re6 29. c5 Ne4 30. Qc4 Kd8 31. Ne3 Nxd6 32. cxd6 Rexd6 33. Qh4+ Bf6 34. Qxh7 Rd2 35. Qg8+ Ke7 36. Qa8 Bd4 37. Qa3+ 1/2-1/2

[Event "FRA-chT Top 12 (Women) Finals"]
[Site "La Roche sur Yon"]
[Date "2023.07.02"]
[Round "2.2"]
[White "Skripchenko, Almira"]
[Black "Gaponenko, Inna"]
[Result "1/2-1/2"]
[WhiteElo "2380"]
[BlackElo "2336"]
[PlyCount "43"]
[EventDate "2023.07.01"]
[EventType "team-k.o."]
[EventRounds "3"]
[EventCountry "FRA"]
[SourceTitle "CBM 215 Extra"]
[Source "ChessBase"]
[SourceDate "2023.09.30"]
[SourceVersion "1"]
[SourceVersionDate "2023.09.30"]
[SourceQuality "1"]
[WhiteTeam "Monaco (W)"]
[BlackTeam "Asnieres (W)"]
[WhiteTeamCountry "MNC"]
[BlackTeamCountry "FRA"]

1. e4 e6 2. d4 d5 3. exd5 exd5 4. Nf3 Nf6 5. Bd3 c5 6. dxc5 Bxc5 7. 0-0 0-0 8. Bg5 h6 9. Bh4 Nc6 10. Nbd2 Re8 11. Re1 Bd7 12. Rxe8+ Bxe8 13. c3 Bd7 14. Nb3 Be7 15. Qc2 Nh5 16. Bg3 Nxg3 17. hxg3 Bf6 18. Rd1 Qb6 19. Bf5 Kh8 20. Bh7 Be6 21. Rxd5 Na5 22. Rd1 1/2-1/2

[Event "EU-ch (Women) 23rd"]
[Site "Petrovac"]
[Date "2023.03.29"]
[Round "11"]
[White "Ovod, Evgenija"]
[Black "Gaponenko, Inna"]
[Result "1-0"]
[WhiteElo "2305"]
[BlackElo "2349"]
[PlyCount "131"]
[EventDate "2023.03.18"]
[EventType "swiss"]
[EventRounds "11"]
[EventCountry "MNE"]
[SourceTitle "CBM 213 Extra"]
[Source "ChessBase"]
[SourceDate "2023.05.31"]
[SourceVersion "1"]
[SourceVersionDate "2023.05.31"]
[SourceQuality "1"]

1. e4 c5 2. Nf3 Nc6 3. Bb5 g6 4. Bxc6 bxc6 5. 0-0 Bg7 6. c3 Nh6 7. h3 0-0 8. d4 cxd4 9. cxd4 d5 10. e5 f6 11. Nc3 Nf7 12. Re1 fxe5 13. dxe5 d4 14. Nxd4 Nxe5 15. Qb3+ Kh8 16. Ne6 Bxe6 17. Qxe6 Qd6 18. Qb3 Nd3 19. Ne4 Qd5 20. Re2 Rab8 21. Qa3 Qc4 22. Nc3 Nxf2 23. Qxe7 Nd3 24. Re4 Qf7 25. Qxf7 Rxf7 26. Na4 Nxb2 27. Rb1 Rfb7 28. Be3 Kg8 29. Nc5 Rb4 30. Re7 Bf8 31. Rxa7 Nc4 32. Rxb4 Rxb4 33. Bf2 Rb1+ 34. Kh2 Bd6+ 35. g3 Bxc5 36. Bxc5 Rb2+ 37. Kg1 Nd2 38. Rg7+ Kxg7 39. Bd4+ Kf7 40. Bxb2 Ke6 41. Kf2 Kd5 42. g4 c5 43. a4 Kc4 44. Ke3 Nb3 45. Kf4 Kb4 46. Kg5 Nd4 47. Kh6 Nf3 48. Bf6 g5 49. Kxh7 c4 50. Kg6 Kxa4 51. Kf5 Kb3 52. Ke4 Nd2+ 53. Ke3 c3 54. Bxg5 Nc4+ 55. Kd4 Nd2 56. Kd3 Nf3 57. Bf4 c2 58. Bc1 Nh4 59. g5 Ng6 60. Ke4 Kc3 61. Kf5 Ne7+ 62. Kf6 Nd5+ 63. Kf7 Nb4 64. g6 Nd3 65. Bh6 Ne5+ 66. Kf6 1-0

[Event "EU-ch (Women) 23rd"]
[Site "Petrovac"]
[Date "2023.03.25"]
[Round "7"]
[White "Gaponenko, Inna"]
[Black "Jarocka, Liwia"]
[Result "1/2-1/2"]
[WhiteElo "2349"]
[BlackElo "2181"]
[PlyCount "83"]
[EventDate "2023.03.18"]
[EventType "swiss"]
[EventRounds "11"]
[EventCountry "MNE"]
[SourceTitle "CBM 213 Extra"]
[Source "ChessBase"]
[SourceDate "2023.05.31"]
[SourceVersion "1"]
[SourceVersionDate "2023.05.31"]
[SourceQuality "1"]

1. e4 c6 2. d4 d5 3. e5 Bf5 4. h4 h5 5. Bd3 Bxd3 6. Qxd3 e6 7. Nf3 Qa5+ 8. Nbd2 Qa6 9. c4 Ne7 10. 0-0 Nd7 11. b3 Nf5 12. a4 Rc8 13. Qc2 b6 14. Ba3 Bxa3 15. Rxa3 0-0 16. b4 g6 17. c5 bxc5 18. bxc5 Rb8 19. Rb1 Rxb1+ 20. Qxb1 Rb8 21. Rb3 Rxb3 22. Qxb3 Qc8 23. Nf1 Qb8 24. Qxb8+ Nxb8 25. Ne3 Kf8 26. Nxf5 exf5 27. Kf1 Ke7 28. Ke2 Na6 29. Kd3 Nc7 30. g3 Ne6 31. Ke3 Kd7 32. Nd2 Kc7 33. f4 Kb7 34. Kd3 Kc7 35. Kc3 Kb7 36. Nf3 Kc8 37. Kb4 Kc7 38. Kc3 Kc8 39. Ne1 Kc7 40. Nc2 Kc8 41. Ne1 Kc7 42. Nf3 1/2-1/2

[Event "EU-ch (Women) 23rd"]
[Site "Petrovac"]
[Date "2023.03.23"]
[Round "6"]
[White "Gunina, Valentina"]
[Black "Gaponenko, Inna"]
[Result "1/2-1/2"]
[WhiteElo "2478"]
[BlackElo "2349"]
[PlyCount "82"]
[EventDate "2023.03.18"]
[EventType "swiss"]
[EventRounds "11"]
[EventCountry "MNE"]
[SourceTitle "CBM 213 Extra"]
[Source "ChessBase"]
[SourceDate "2023.05.31"]
[SourceVersion "1"]
[SourceVersionDate "2023.05.31"]
[SourceQuality "1"]

1. e4 e6 2. d4 d5 3. Nc3 Nf6 4. Bg5 dxe4 5. Nxe4 Be7 6. Nxf6+ Bxf6 7. Bxf6 Qxf6 8. c3 0-0 9. Bd3 Nd7 10. Nf3 c5 11. 0-0 Rd8 12. Qc2 g6 13. Rae1 cxd4 14. Nxd4 Nc5 15. f4 Nxd3 16. Qxd3 b6 17. Qg3 Ba6 18. Rf2 Rd5 19. h3 Bb7 20. Kh2 Rad8 21. Re5 Kg7 22. h4 h6 23. Rfe2 R8d7 24. Kg1 Kh7 25. a3 Kg7 26. h5 Rxe5 27. Rxe5 Rd5 28. b4 a6 29. hxg6 Qxg6 30. Re3 Qxg3 31. Rxg3+ Kf8 32. Kf2 e5 33. fxe5 Rxe5 34. Rd3 Ke7 35. g4 h5 36. Nf5+ Kf6 37. Nd6 Bd5 38. gxh5 Rxh5 39. c4 Be6 40. c5 bxc5 41. Ne4+ Ke7 1/2-1/2

[Event "EU-ch (Women) 23rd"]
[Site "Petrovac"]
[Date "2023.03.22"]
[Round "5"]
[White "Gaponenko, Inna"]
[Black "Javakhishvili, Lela"]
[Result "1/2-1/2"]
[WhiteElo "2349"]
[BlackElo "2443"]
[PlyCount "30"]
[EventDate "2023.03.18"]
[EventType "swiss"]
[EventRounds "11"]
[EventCountry "MNE"]
[SourceTitle "CBM 213 Extra"]
[Source "ChessBase"]
[SourceDate "2023.05.31"]
[SourceVersion "1"]
[SourceVersionDate "2023.05.31"]
[SourceQuality "1"]

1. e4 e5 2. Nf3 Nc6 3. Nc3 Nf6 4. d4 exd4 5. Nxd4 Bb4 6. Nxc6 bxc6 7. Bd3 d5 8. Bd2 Bxc3 9. Bxc3 dxe4 10. Bxf6 Qxf6 11. Qe2 0-0 12. Qxe4 g6 13. 0-0 Qxb2 14. Qxc6 Qb7 15. Qxb7 Bxb7 1/2-1/2

[Event "EU-ch (Women) 23rd"]
[Site "Petrovac"]
[Date "2023.03.21"]
[Round "4"]
[White "Abdulla, Khayala Mardan Qizi"]
[Black "Gaponenko, Inna"]
[Result "0-1"]
[WhiteElo "2221"]
[BlackElo "2349"]
[PlyCount "106"]
[EventDate "2023.03.18"]
[EventType "swiss"]
[EventRounds "11"]
[EventCountry "MNE"]
[SourceTitle "CBM 213 Extra"]
[Source "ChessBase"]
[SourceDate "2023.05.31"]
[SourceVersion "1"]
[SourceVersionDate "2023.05.31"]
[SourceQuality "1"]

1. e4 c5 2. Nf3 Nc6 3. d4 cxd4 4. Nxd4 g6 5. c4 Nf6 6. Nc3 d6 7. Be2 Nxd4 8. Qxd4 Bg7 9. Bg5 0-0 10. Qe3 Be6 11. 0-0 Qb6 12. Qd2 Rfc8 13. b3 a6 14. Rfc1 Rab8 15. Be3 Qa5 16. a3 b5 17. b4 Qd8 18. e5 Ng4 19. Bxg4 Bxg4 20. cxb5 axb5 21. exd6 Qxd6 22. Qxd6 exd6 23. Nd5 Bxa1 24. Ne7+ Kf8 25. Nxc8 Rxc8 26. Rxa1 Ke7 27. a4 bxa4 28. Rxa4 Rc4 29. Ra7+ Bd7 30. Rb7 Kd8 31. f3 Kc8 32. Rb6 Kc7 33. Kf2 f5 34. Ra6 Rxb4 35. Ra7+ Kc6 36. Kg3 d5 37. Ra6+ Kc7 38. Bf4+ Kb7 39. Rd6 Bc6 40. Re6 d4 41. Rd6 Kb6 42. Rd8 Ra4 43. Be5 Kc5 44. h4 Bb5 45. Kf4 d3+ 46. Kg5 Ra2 47. g4 fxg4 48. fxg4 Rg2 49. h5 gxh5 50. Kxh5 Bc4 51. g5 d2 52. Bd6+ Kc6 53. Bb4 d1Q+ 0-1

[Event "BL2-West 2223"]
[Site "Germany"]
[Date "2023.02.05"]
[Round "6.3"]
[White "Gaponenko, Inna"]
[Black "Van Osch, Mees"]
[Result "1-0"]
[WhiteElo "2348"]
[BlackElo "2342"]
[PlyCount "82"]
[EventDate "2022.10.22"]
[EventType "team-tourn"]
[EventRounds "10"]
[EventCountry "GER"]
[SourceTitle "EXT 2024"]
[Source "ChessBase"]
[SourceDate "2023.10.10"]
[SourceVersion "1"]
[SourceVersionDate "2023.10.10"]
[SourceQuality "1"]
[WhiteTeam "Solingen II"]
[BlackTeam "Muelheim Nord II"]
[WhiteTeamCountry "GER"]
[BlackTeamCountry "GER"]

1. e4 c5 2. Nf3 d6 3. d4 cxd4 4. Nxd4 Nf6 5. Nc3 a6 6. Be3 e5 7. Nb3 Be7 8. Qd2 0-0 9. 0-0-0 Be6 10. f4 Ng4 11. g3 Nxe3 12. Qxe3 b5 13. Kb1 Nc6 14. Nd5 Qb8 15. h4 a5 16. f5 Bxd5 17. exd5 Nd8 18. g4 Re8 19. Nd2 b4 20. g5 Bf8 21. Ne4 Nb7 22. f6 Nc5 23. fxg7 Bxg7 24. Bd3 Nxd3 25. Qxd3 Ra7 26. h5 Qd8 27. h6 Bh8 28. Rhg1 Kf8 29. Rdf1 Ke7 30. Qh3 Qc8 31. Qh4 Kf8 32. Nf6 e4 33. Nxh7+ Kg8 34. Nf6+ Bxf6 35. gxf6+ Kh8 36. Rg7 e3 37. Qg5 Rg8 38. Rxg8+ Qxg8 39. Qg7+ Qxg7 40. hxg7+ Kg8 41. Rh1 e2 1-0

[Event "Wch Blitz (Women)"]
[Site "Almaty"]
[Date "2022.12.30"]
[Round "14"]
[White "Bivol, Alina"]
[Black "Gaponenko, Inna"]
[Result "1/2-1/2"]
[WhiteElo "2301"]
[BlackElo "2291"]
[PlyCount "96"]
[EventDate "2022.12.29"]
[EventType "swiss (blitz)"]
[EventRounds "17"]
[EventCountry "KAZ"]
[SourceTitle "CBM 211 Extra"]
[Source "ChessBase"]
[SourceDate "2023.01.31"]
[SourceVersion "1"]
[SourceVersionDate "2023.01.31"]
[SourceQuality "1"]

1. e4 c5 2. Nf3 g6 3. d4 cxd4 4. Qxd4 Nf6 5. Nc3 Nc6 6. Qa4 d6 7. e5 dxe5 8. Nxe5 Qd4 9. Nxc6 Qxa4 10. Nxa4 bxc6 11. Bd2 Ne4 12. Be3 Bg7 13. Bd3 Nd6 14. 0-0 0-0 15. Rfd1 Rb8 16. Rab1 Rb7 17. b4 Bf5 18. Nc5 Rc7 19. Bf4 e5 20. Bg5 h6 21. Bc1 Nb7 22. Nxb7 Rxb7 23. Bxf5 gxf5 24. Be3 Rfb8 25. a3 Bf8 26. c3 a5 27. Rbc1 axb4 28. cxb4 Ra8 29. Rd3 f4 30. Bc5 Rb5 31. Bxf8 Kxf8 32. g3 fxg3 33. hxg3 Rb6 34. Rc5 f6 35. Kg2 Rba6 36. Rd6 Ke7 37. Rdxc6 Rxc6 38. Rxc6 Rxa3 39. b5 Rb3 40. b6 h5 41. Kh3 Rb4 42. Kg2 h4 43. gxh4 Rxh4 44. b7 Rb4 45. Rc7+ Kd6 46. Rh7 Kc6 47. Rf7 Rxb7 48. Rxf6+ Kd5 1/2-1/2

[Event "Wch Blitz (Women)"]
[Site "Almaty"]
[Date "2022.12.30"]
[Round "10"]
[White "Khademalsharieh, Sarasadat"]
[Black "Gaponenko, Inna"]
[Result "1-0"]
[WhiteElo "2431"]
[BlackElo "2291"]
[PlyCount "53"]
[EventDate "2022.12.29"]
[EventType "swiss (blitz)"]
[EventRounds "17"]
[EventCountry "KAZ"]
[SourceTitle "CBM 211 Extra"]
[Source "ChessBase"]
[SourceDate "2023.01.31"]
[SourceVersion "1"]
[SourceVersionDate "2023.01.31"]
[SourceQuality "1"]

1. d4 Nf6 2. c4 g6 3. Nf3 Bg7 4. g3 0-0 5. Bg2 c6 6. 0-0 d5 7. b3 dxc4 8. bxc4 c5 9. Bb2 cxd4 10. Nxd4 Qb6 11. Qb3 Nfd7 12. e3 Nc6 13. Nc3 Nxd4 14. exd4 Qxb3 15. axb3 Bxd4 16. Rad1 e5 17. Na4 Bxb2 18. Nxb2 Nc5 19. b4 Ne6 20. Rfe1 f6 21. f4 Kg7 22. fxe5 fxe5 23. Rxe5 Kf6 24. Re2 Rf7 25. Nd3 Bd7 26. Ne5 Rd8 27. Rf1+ 1-0

[Event "Wch Blitz (Women)"]
[Site "Almaty"]
[Date "2022.12.29"]
[Round "1"]
[White "Gaponenko, Inna"]
[Black "Sultanbek, Zeinep"]
[Result "0-1"]
[WhiteElo "2291"]
[BlackElo "1924"]
[PlyCount "82"]
[EventDate "2022.12.29"]
[EventType "swiss (blitz)"]
[EventRounds "17"]
[EventCountry "KAZ"]
[SourceTitle "CBM 211 Extra"]
[Source "ChessBase"]
[SourceDate "2023.01.31"]
[SourceVersion "1"]
[SourceVersionDate "2023.01.31"]
[SourceQuality "1"]

1. e4 c5 2. Ne2 a6 3. g3 g6 4. Bg2 Bg7 5. c3 e6 6. d4 cxd4 7. cxd4 d5 8. e5 Ne7 9. h4 f6 10. exf6 Bxf6 11. h5 Nbc6 12. hxg6 Nxg6 13. Nbc3 Qb6 14. Na4 Qa7 15. Be3 Bd7 16. Rc1 Nge7 17. Bh3 Nf5 18. Bxf5 exf5 19. Nc5 0-0-0 20. Nf4 Rhe8 21. Kf1 Kb8 22. Rxh7 Bc8 23. Rc3 Re7 24. Rh6 Bg7 25. Rh5 Na5 26. b3 Nc6 27. Qd3 Qb6 28. Qd2 Ka8 29. Rh4 Qa5 30. Rh5 Qb6 31. Rh1 Qc7 32. Kg2 Qd6 33. Rd1 Rh8 34. Na4 Qh6 35. Kf1 Qh1+ 36. Ke2 Qe4 37. Qd3 Nxd4+ 38. Kd2 Nc2 39. Kxc2 Bxc3 40. Nxc3 Qxd3+ 41. Rxd3 Rd8 0-1

[Event "Wch Blitz (Women)"]
[Site "Almaty"]
[Date "2022.12.29"]
[Round "7"]
[White "Gaponenko, Inna"]
[Black "Tokhirjonova, Gulruhbegim"]
[Result "1-0"]
[WhiteElo "2291"]
[BlackElo "2236"]
[PlyCount "133"]
[EventDate "2022.12.29"]
[EventType "swiss (blitz)"]
[EventRounds "17"]
[EventCountry "KAZ"]
[SourceTitle "CBM 211 Extra"]
[Source "ChessBase"]
[SourceDate "2023.01.31"]
[SourceVersion "1"]
[SourceVersionDate "2023.01.31"]
[SourceQuality "1"]

1. e4 e5 2. Nf3 Nf6 3. Nxe5 d6 4. Nf3 Nxe4 5. d3 Nf6 6. d4 d5 7. Bd3 Nc6 8. 0-0 Be7 9. c3 0-0 10. Re1 Bg4 11. h3 Bh5 12. Nbd2 Bd6 13. Qb3 Rb8 14. Ne5 Bxe5 15. dxe5 Nd7 16. Qxd5 Ndxe5 17. Rxe5 Nxe5 18. Qxe5 Qxd3 19. Qxh5 Rfe8 20. Nf3 Qd1+ 21. Kh2 Rbd8 22. b3 h6 23. Qg4 Qd7 24. Qxd7 Rxd7 25. Be3 b6 26. Kg1 c5 27. Kf1 f5 28. g3 Kf7 29. h4 Rd3 30. Rc1 Kf6 31. Ke2 Rd7 32. Rd1 Rxd1 33. Kxd1 Rd8+ 34. Ke2 Ke6 35. b4 cxb4 36. cxb4 Rc8 37. Kd3 g6 38. a4 h5 39. a5 bxa5 40. bxa5 a6 41. Kd4 Rc2 42. Nd2 Ra2 43. Nc4 Ra1 44. Kc5 Ra2 45. Kb6 Kd5 46. Nd2 Ra1 47. Kxa6 Kc6 48. Nb3 Ra4 49. Nd4+ Kd5 50. Kb6 Ra1 51. a6 Rb1+ 52. Kc7 Ra1 53. Kb7 Rb1+ 54. Ka8 Ke4 55. Nc6 Kf3 56. Ne5+ Kg2 57. Nxg6 Kh2 58. Nf4 Ra1 59. Nxh5 Rxa6+ 60. Kb7 Ra4 61. Nf4 Ra1 62. Kc6 Rd1 63. h5 Kg1 64. h6 Rd8 65. Ng6 Ra8 66. h7 Ra6+ 67. Kd5 1-0

[Event "Wch Blitz (Women)"]
[Site "Almaty"]
[Date "2022.12.29"]
[Round "4"]
[White "Petrova, Irina"]
[Black "Gaponenko, Inna"]
[Result "0-1"]
[WhiteElo "2023"]
[BlackElo "2291"]
[PlyCount "94"]
[EventDate "2022.12.29"]
[EventType "swiss (blitz)"]
[EventRounds "17"]
[EventCountry "KAZ"]
[SourceTitle "CBM 211 Extra"]
[Source "ChessBase"]
[SourceDate "2023.01.31"]
[SourceVersion "1"]
[SourceVersionDate "2023.01.31"]
[SourceQuality "1"]

1. e4 Nf6 2. e5 Nd5 3. d4 d6 4. c4 Nb6 5. exd6 cxd6 6. Nc3 g6 7. Be3 Bg7 8. Rc1 0-0 9. b3 Nc6 10. Be2 e5 11. d5 Ne7 12. Nf3 h6 13. 0-0 Kh7 14. c5 dxc5 15. Bxc5 Re8 16. d6 Nc6 17. Nb5 Rg8 18. Nd2 Nd7 19. Nc7 Rb8 20. Ba3 Nf6 21. Nc4 Bf5 22. b4 Ne8 23. Nxe8 Rxe8 24. b5 Nd4 25. Ne3 Be6 26. Bc4 Qd7 27. Bxe6 Qxe6 28. Nc4 Rbc8 29. Qd3 e4 30. Qb1 Rxc4 31. Rxc4 Qxc4 32. Kh1 Qxb5 33. Qd1 Qa5 34. Bb2 Qb6 35. Ba1 Qxd6 36. Re1 b5 37. Qb1 Qd5 38. Qb4 Rc8 39. h3 Rc4 40. Qe7 Qe6 41. Qxa7 Ra4 42. Qb8 Rxa2 43. Bxd4 Bxd4 44. Qxb5 Bxf2 45. Rf1 e3 46. Qb1 Ra7 47. Rc1 Re7 0-1